<?xml version="1.0" encoding="UTF-8"?>
<collection xmlns="http://www.loc.gov/MARC21/slim">
 <record>
  <leader>01929cam a2200409  a4500</leader>
  <controlfield tag="001">108269505X</controlfield>
  <controlfield tag="003">DE-627</controlfield>
  <controlfield tag="005">20241008141318.0</controlfield>
  <controlfield tag="007">tu</controlfield>
  <controlfield tag="008">870408m19611964xx |||||      00| ||ger c</controlfield>
  <datafield tag="035" ind1=" " ind2=" ">
   <subfield code="a">(DE-627)108269505X</subfield>
  </datafield>
  <datafield tag="035" ind1=" " ind2=" ">
   <subfield code="a">(DE-576)01269505X</subfield>
  </datafield>
  <datafield tag="035" ind1=" " ind2=" ">
   <subfield code="a">(DE-599)BSZ01269505X</subfield>
  </datafield>
  <datafield tag="040" ind1=" " ind2=" ">
   <subfield code="a">DE-627</subfield>
   <subfield code="b">ger</subfield>
   <subfield code="c">DE-627</subfield>
   <subfield code="e">rakwb</subfield>
  </datafield>
  <datafield tag="041" ind1=" " ind2=" ">
   <subfield code="a">ger</subfield>
  </datafield>
  <datafield tag="084" ind1=" " ind2=" ">
   <subfield code="a">9,10</subfield>
   <subfield code="2">ssgn</subfield>
  </datafield>
  <datafield tag="084" ind1=" " ind2=" ">
   <subfield code="a">LH 71240</subfield>
   <subfield code="2">rvk</subfield>
   <subfield code="0">(DE-625)rvk/94859:</subfield>
  </datafield>
  <datafield tag="084" ind1=" " ind2=" ">
   <subfield code="a">AN 34700</subfield>
   <subfield code="q">DE-24/24sred</subfield>
   <subfield code="2">rvk</subfield>
   <subfield code="0">(DE-625)rvk/5993:</subfield>
  </datafield>
  <datafield tag="100" ind1="1" ind2=" ">
   <subfield code="a">Weber, Wilhelm</subfield>
   <subfield code="d">1918-1999</subfield>
   <subfield code="e">VerfasserIn</subfield>
   <subfield code="0">(DE-588)121213013</subfield>
   <subfield code="0">(DE-627)081158386</subfield>
   <subfield code="0">(DE-576)292589816</subfield>
   <subfield code="4">aut</subfield>
  </datafield>
  <datafield tag="245" ind1="1" ind2="0">
   <subfield code="a">Saxa loquuntur - Steine reden</subfield>
   <subfield code="b">Geschichte der Lithographie</subfield>
   <subfield code="c">Wilhelm Weber</subfield>
  </datafield>
  <datafield tag="246" ind1="3" ind2="3">
   <subfield code="a">Saxa loquuntur</subfield>
  </datafield>
  <datafield tag="246" ind1="3" ind2="3">
   <subfield code="a">Geschichte der Lithographie</subfield>
  </datafield>
  <datafield tag="264" ind1=" " ind2="1">
   <subfield code="a">München</subfield>
   <subfield code="b">Moos</subfield>
   <subfield code="c">1961-1964</subfield>
  </datafield>
  <datafield tag="336" ind1=" " ind2=" ">
   <subfield code="a">Text</subfield>
   <subfield code="b">txt</subfield>
   <subfield code="2">rdacontent</subfield>
  </datafield>
  <datafield tag="337" ind1=" " ind2=" ">
   <subfield code="a">ohne Hilfsmittel zu benutzen</subfield>
   <subfield code="b">n</subfield>
   <subfield code="2">rdamedia</subfield>
  </datafield>
  <datafield tag="338" ind1=" " ind2=" ">
   <subfield code="a">Band</subfield>
   <subfield code="b">nc</subfield>
   <subfield code="2">rdacarrier</subfield>
  </datafield>
  <datafield tag="689" ind1="0" ind2="0">
   <subfield code="d">s</subfield>
   <subfield code="0">(DE-588)4036042-8</subfield>
   <subfield code="0">(DE-627)104400838</subfield>
   <subfield code="0">(DE-576)209016124</subfield>
   <subfield code="a">Lithografie</subfield>
   <subfield code="2">gnd</subfield>
  </datafield>
  <datafield tag="689" ind1="0" ind2="1">
   <subfield code="a">z</subfield>
   <subfield code="2">gnd</subfield>
   <subfield code="a">Geschichte</subfield>
  </datafield>
  <datafield tag="689" ind1="0" ind2=" ">
   <subfield code="5">(DE-627)</subfield>
  </datafield>
  <datafield tag="787" ind1="0" ind2="8">
   <subfield code="i">Rezensiert in</subfield>
   <subfield code="a">Keil, Nora</subfield>
   <subfield code="t">[Rezension von: Wilhelm Weber, Saxa loquuntur - Steine reden, Bd. 1-2]</subfield>
   <subfield code="d">Nürnberg : Carl, 1963</subfield>
   <subfield code="w">(DE-627)168180462X</subfield>
  </datafield>
  <datafield tag="936" ind1="r" ind2="v">
   <subfield code="a">LH 71240</subfield>
   <subfield code="b">Lithographie</subfield>
   <subfield code="k">Kunstgeschichte</subfield>
   <subfield code="k">Allgemeines. Allgemeine Kunstgeschichte</subfield>
   <subfield code="k">Kunstgeschichte einzelner Gattungen der Kunst</subfield>
   <subfield code="k">Zeichnung und Grafik</subfield>
   <subfield code="k">Darstellungen nach Material und Technik</subfield>
   <subfield code="k">Lithographie</subfield>
   <subfield code="0">(DE-627)1271107988</subfield>
   <subfield code="0">(DE-625)rvk/94859:</subfield>
   <subfield code="0">(DE-576)201107988</subfield>
  </datafield>
  <datafield tag="936" ind1="r" ind2="v">
   <subfield code="a">AN 34700</subfield>
   <subfield code="b">Lithographie</subfield>
   <subfield code="k">Allgemeines</subfield>
   <subfield code="k">Buch- und Bibliothekswesen, Informationswissenschaft</subfield>
   <subfield code="k">Buchwesen</subfield>
   <subfield code="k">Buchgestaltung, Buchillustration</subfield>
   <subfield code="k">Buchillustration (Technik)</subfield>
   <subfield code="k">Lithographie</subfield>
   <subfield code="0">(DE-627)1270677675</subfield>
   <subfield code="0">(DE-625)rvk/5993:</subfield>
   <subfield code="0">(DE-576)200677675</subfield>
  </datafield>
  <datafield tag="951" ind1=" " ind2=" ">
   <subfield code="a">MC</subfield>
  </datafield>
  <datafield tag="990" ind1=" " ind2=" ">
   <subfield code="a">Lithografie</subfield>
  </datafield>
  <datafield tag="990" ind1=" " ind2=" ">
   <subfield code="a">Geschichte</subfield>
  </datafield>
  <datafield tag="991" ind1=" " ind2=" ">
   <subfield code="a">Rezensiertes Werk</subfield>
  </datafield>
  <datafield tag="999" ind1=" " ind2=" ">
   <subfield code="a">KXP-PPN108269505X</subfield>
   <subfield code="e">4060444839</subfield>
  </datafield>
 </record>
</collection>
